000
00304nam a2200121Ia 4500
008
191201s2009 xx 000 0 und d
100
_a
MOHANPRAKASH,N.R.
245
0
_a
Entrepreneurial development M B A SEM.-4
260
_a
N. delhi
_b
Vikas Pub
_c
2009
300
_a
306
650
_a
MBA
942
_2
ddc
_c
BK
_0
1
999
_c
263
_d
263